| 000 | 00327nam a2200133Ia 4500 | ||
|---|---|---|---|
| 005 | 20260328104247.0 | ||
| 008 | 260328s9999||||xx |||||||||||||| ||und|| | ||
| 100 | _aGaudi, AntonĂ | ||
| 245 | 0 |
_aLos Papeles de Son Armadans / _cAntonĂ Gaudi |
|
| 260 | _bMossen Alcover | ||
| 300 | _a154 p. | ||
| 650 | _aHISTORIA | ||
| 942 | _cBK | ||
| 999 |
_c10126 _d10126 |
||